00330 a2200097 4500001001000000005001700010008004100027245006800068100003300136773006300169ART_3468520260410161928.0260409a 10aLa proyección de la experiencia argentina en derechos humanos1 aVillegas Beltrán, Federico0 tDerechos humanosg- Año III, Nº 7 (sep. 2015)wREV22278